[Event "BRA-ch 87th"]
[Site "Cuiaba"]
[Date "2021.10.30"]
[Round "4"]
[White "Toth, Peter"]
[Black "Lima, Vinicius Taishun"]
[Result "1/2-1/2"]
[WhiteElo "2004"]
[BlackElo "1788"]
[PlyCount "89"]
[EventDate "2021.10.28"]
[EventType "swiss"]
[EventRounds "11"]
[EventCountry "BRA"]
[SourceTitle "CBM 205 Extra"]
[Source "ChessBase"]
[SourceDate "2022.01.31"]
[SourceVersion "1"]
[SourceVersionDate "2022.01.31"]
[SourceQuality "1"]

1. d4 Nf6 2. Nf3 c5 3. d5 b5 4. Bg5 d6 5. Bxf6 exf6 6. e3 a6 7. a4 b4 8. a5 g6 9. Nbd2 f5 10. Nc4 Nd7 11. Be2 Qc7 12. 0-0 Bg7 13. Nfd2 Nf6 14. Nb6 Ra7 15. Ndc4 Bd7 16. Re1 0-0 17. Bf3 Re8 18. g3 Bb5 19. Bg2 Qd8 20. Rc1 h5 21. c3 bxc3 22. bxc3 Ne4 23. Bxe4 fxe4 24. Re2 Rb7 25. Ra2 Qe7 26. Kg2 Reb8 27. Qc2 Bxc4 28. Nxc4 Rb3 29. Rb2 Rxb2 30. Nxb2 Qe5 31. Qd2 Rb3 32. Nc4 Qf6 33. Qe2 Qf3+ 34. Qxf3 exf3+ 35. Kxf3 Rxc3 36. Rxc3 Bxc3 37. Ke2 Kf8 38. Kd3 Be1 39. Ke2 Bb4 40. e4 Ke7 41. f4 f6 42. Kf3 g5 43. f5 Bc3 44. g4 h4 45. h3 1/2-1/2

[Event "BRA-ch 87th"]
[Site "Cuiaba"]
[Date "2021.10.29"]
[Round "2"]
[White "Toth, Peter"]
[Black "Correa, Joao Pedro Vieira"]
[Result "1/2-1/2"]
[WhiteElo "2004"]
[BlackElo "1750"]
[PlyCount "68"]
[EventDate "2021.10.28"]
[EventType "swiss"]
[EventRounds "11"]
[EventCountry "BRA"]
[SourceTitle "CBM 205 Extra"]
[Source "ChessBase"]
[SourceDate "2022.01.31"]
[SourceVersion "1"]
[SourceVersionDate "2022.01.31"]
[SourceQuality "1"]

1. c4 e5 2. Nc3 Nc6 3. Nf3 f5 4. d4 e4 5. d5 exf3 6. dxc6 fxg2 7. cxd7+ Bxd7 8. Bxg2 c6 9. Qd4 Qf6 10. Be3 Be6 11. 0-0-0 Bb4 12. a3 Bxc3 13. bxc3 Qxd4 14. Bxd4 Kf7 15. Bf3 Nf6 16. c5 Rad8 17. Rhg1 g6 18. Kc2 Rhe8 19. h4 h5 20. Rd2 Bd5 21. Bxd5+ Rxd5 22. f3 Rd7 23. e3 Rde7 24. Rdg2 Rg8 25. Kd3 Nd5 26. Rg5 Nc7 27. e4 f4 28. Be5 Ne6 29. Bd6 Nxg5 30. Rxg5 Rd8 31. e5 Re6 32. a4 b6 33. Kc4 Rd7 34. Rg1 Rb7 1/2-1/2

[Event "Araruama op 1st"]
[Site "Araruama"]
[Date "2021.06.05"]
[Round "4"]
[White "Toth, Peter"]
[Black "Marcondes, Igor Dalcol"]
[Result "0-1"]
[WhiteElo "2027"]
[BlackElo "1767"]
[PlyCount "56"]
[EventDate "2021.06.02"]
[EventType "tourn"]
[EventRounds "6"]
[EventCountry "BRA"]
[SourceTitle "CBM 203 Extra"]
[Source "ChessBase"]
[SourceDate "2021.09.30"]
[SourceVersion "1"]
[SourceVersionDate "2021.09.30"]
[SourceQuality "1"]

1. d4 Nf6 2. Bg5 d5 3. e3 Bf5 4. Nd2 e6 5. Ngf3 h6 6. Bh4 c5 7. c3 Qb6 8. Bxf6 gxf6 9. Qb3 c4 10. Qxb6 axb6 11. Be2 b5 12. 0-0 Nd7 13. Ne1 Nb6 14. Bd1 Na4 15. Bxa4 bxa4 16. a3 Ra6 17. f3 Rb6 18. Ra2 Be7 19. e4 Bg6 20. Nc2 0-0 21. Nb4 Bxb4 22. axb4 Ra6 23. Rfa1 Rfa8 24. Kf2 Kg7 25. Ke3 b5 26. b3 cxb3 27. Nxb3 axb3 28. Rxa6 Rxa6 0-1

[Event "Rio de Janeiro Duchamp op 3rd"]
[Site "Rio de Janeiro"]
[Date "2019.12.08"]
[Round "3"]
[White "De Mello, Amanda Carolina"]
[Black "Toth, Peter"]
[Result "1/2-1/2"]
[WhiteElo "1768"]
[BlackElo "2064"]
[PlyCount "105"]
[EventDate "2019.12.07"]
[EventType "swiss"]
[EventRounds "9"]
[EventCountry "BRA"]
[SourceTitle "EXT 2021"]
[Source "ChessBase"]
[SourceDate "2020.10.23"]
[SourceVersion "1"]
[SourceVersionDate "2020.10.23"]
[SourceQuality "1"]

1. c4 e5 2. Nc3 Nf6 3. g3 Bb4 4. Bg2 Nc6 5. a3 Bxc3 6. dxc3 0-0 7. Nf3 d6 8. 0-0 Be6 9. Nd2 d5 10. cxd5 Bxd5 11. Nf3 Qe7 12. Be3 Rfd8 13. Qa4 a6 14. Qh4 Bb3 15. Rfe1 Qe6 16. Bg5 Rd6 17. Nd2 Rad8 18. Ne4 Nxe4 19. Bxd8 Nxd8 20. Bxe4 f5 21. Bg2 e4 22. Qf4 Nf7 23. h4 Ne5 24. f3 Ng6 25. Qc1 Qe5 26. f4 Qc5+ 27. e3 b5 28. Kh2 Nf8 29. Bh3 h5 30. c4 bxc4 31. Qc3 g6 32. Rac1 Rd3 33. Qe5 Qxe5 34. fxe5 Rd2+ 35. Kg1 Rd5 36. Bf1 Rc5 37. Rc3 Nd7 38. Rec1 Rxe5 39. Bxc4+ Bxc4 40. Rxc4 c5 41. Rd1 Nb6 42. Rd8+ Kf7 43. Rc2 c4 44. Kf2 Rb5 45. Ke2 Ke7 46. Rd4 Rb3 47. Rcd2 c3 48. bxc3 Rxc3 49. Rb4 Nc4 50. Rd1 Rxe3+ 51. Kf2 Rf3+ 52. Ke2 Re3+ 53. Kf2 1/2-1/2

[Event "Rio de Janeiro Duchamp op"]
[Site "Rio de Janeiro"]
[Date "2017.11.13"]
[Round "4"]
[White "Toth, Peter"]
[Black "Lima, Juarez Antonio A de"]
[Result "1-0"]
[WhiteElo "2091"]
[BlackElo "1890"]
[PlyCount "157"]
[EventDate "2017.11.11"]
[EventType "swiss"]
[EventRounds "9"]
[EventCountry "BRA"]
[SourceTitle "CBM 181 Extra"]
[Source "ChessBase"]
[SourceDate "2017.12.12"]
[SourceVersion "1"]
[SourceVersionDate "2017.12.12"]
[SourceQuality "1"]

1. c4 e5 2. Nc3 Nf6 3. Nf3 Nc6 4. g3 g6 5. Bg2 Bg7 6. 0-0 0-0 7. d3 h6 8. a3 d6 9. Rb1 Be6 10. Ne1 Rb8 11. Nd5 Kh7 12. Nc2 Ne7 13. e4 c6 14. Nxe7 Qxe7 15. Qe2 Qd7 16. Be3 c5 17. f4 b6 18. Bd2 Bg4 19. Qf2 Bh3 20. f5 Bxg2 21. Qxg2 g5 22. Ne3 Rg8 23. Qe2 a6 24. b4 Rb7 25. Bc3 Re8 26. Rb2 b5 27. Nd5 bxc4 28. dxc4 Nxd5 29. cxd5 Bf6 30. Qxa6 Ra7 31. Qc4 Rxa3 32. bxc5 dxc5 33. Rfb1 Kg7 34. Kg2 Ra4 35. Qe2 Ra3 36. Qc2 Rea8 37. Rb3 Qa4 38. R1b2 Qc4 39. Rxa3 Rxa3 40. Be1 Qa6 41. Qxc5 Ra1 42. Qf2 Qd3 43. Qe2 Qd4 44. Rd2 Qc5 45. d6 Bd8 46. d7 Qc1 47. Kf1 h5 48. Rc2 Qa3 49. Qxh5 Qd3+ 50. Qe2 Qxd7 51. Kg2 Bb6 52. Bc3 Rg1+ 53. Kh3 Qe7 54. Qh5 Bd8 55. Rd2 Bc7 56. Rd5 Rc1 57. Bd2 Rc6 58. Bxg5 f6 59. Bh6+ Kg8 60. Qg6+ Kh8 61. Bg5 Qh7+ 62. Qxh7+ Kxh7 63. Bxf6 Rc4 64. Bxe5 Bb6 65. Rd7+ Kg8 66. Rg7+ Kf8 67. Rg4 Rc2 68. Bd6+ Ke8 69. Rg6 Bg1 70. g4 Kd7 71. Bg3 Ke7 72. e5 Rc3 73. e6 Bd4 74. Kg2 Rc5 75. Bh4+ Kf8 76. Bf6 Rc2+ 77. Kf3 Bc5 78. Rh6 Rf2+ 79. Ke4 1-0

[Event "Florianopolis op 3rd"]
[Site "Florianopolis"]
[Date "2017.01.25"]
[Round "9"]
[White "Toth, Peter"]
[Black "Boabaid, Jorge Alberto Duard"]
[Result "1-0"]
[WhiteElo "2134"]
[BlackElo "1857"]
[PlyCount "65"]
[EventDate "2017.01.20"]
[EventType "swiss"]
[EventRounds "10"]
[EventCountry "BRA"]
[SourceTitle "CBM 176 Extra"]
[Source "ChessBase"]
[SourceDate "2017.03.02"]
[SourceVersion "1"]
[SourceVersionDate "2017.03.02"]
[SourceQuality "1"]

1. e4 c5 2. Nc3 d6 3. g3 g6 4. Bg2 Bg7 5. Nf3 Nc6 6. 0-0 Nf6 7. d3 0-0 8. Re1 Rb8 9. h3 e6 10. Bg5 h6 11. Be3 b6 12. g4 Nh7 13. Qd2 g5 14. d4 d5 15. exd5 exd5 16. Nxd5 cxd4 17. Nxd4 Ne5 18. b3 Be6 19. c4 Rc8 20. Rad1 Nf6 21. Nxf6+ Qxf6 22. f4 gxf4 23. Bxf4 Ng6 24. Bxh6 Bxh6 25. Qxh6 Rfd8 26. Nxe6 Rxd1 27. Rxd1 Qxe6 28. Bd5 Qf6 29. Rf1 Qd4+ 30. Kg2 Ne5 31. Qf6 Rf8 32. Rf2 b5 33. Re2 1-0

[Event "Florianopolis op 3rd"]
[Site "Florianopolis"]
[Date "2017.01.24"]
[Round "7"]
[White "Toth, Peter"]
[Black "Mangini, Bruno Fernandes"]
[Result "1/2-1/2"]
[WhiteElo "2134"]
[BlackElo "1732"]
[PlyCount "52"]
[EventDate "2017.01.20"]
[EventType "swiss"]
[EventRounds "10"]
[EventCountry "BRA"]
[SourceTitle "CBM 176 Extra"]
[Source "ChessBase"]
[SourceDate "2017.03.02"]
[SourceVersion "1"]
[SourceVersionDate "2017.03.02"]
[SourceQuality "1"]

1. e4 c6 2. d3 d5 3. Nd2 dxe4 4. dxe4 g6 5. Ngf3 Bg4 6. h3 Bxf3 7. Qxf3 Bg7 8. g4 Nd7 9. Bg2 e6 10. Nc4 Nb6 11. Nxb6 Qxb6 12. 0-0 Ne7 13. Qa3 Bd4 14. c3 Bf6 15. Rd1 Qc7 16. Bh6 Ng8 17. Be3 a6 18. Bc5 Be7 19. Rd2 Rd8 20. Rad1 Rxd2 21. Rxd2 Bxc5 22. Qxc5 Ne7 23. Qd6 Qxd6 24. Rxd6 Nc8 25. Rd3 Ke7 26. Kf1 Rd8 1/2-1/2

[Event "Florianopolis op 3rd"]
[Site "Florianopolis"]
[Date "2017.01.22"]
[Round "4"]
[White "Toth, Peter"]
[Black "Leao, Flavio Sanchez"]
[Result "1-0"]
[WhiteElo "2134"]
[BlackElo "1825"]
[PlyCount "65"]
[EventDate "2017.01.20"]
[EventType "swiss"]
[EventRounds "10"]
[EventCountry "BRA"]
[SourceTitle "CBM 176 Extra"]
[Source "ChessBase"]
[SourceDate "2017.03.02"]
[SourceVersion "1"]
[SourceVersionDate "2017.03.02"]
[SourceQuality "1"]

1. e4 c5 2. Nc3 Nc6 3. Nf3 d6 4. g3 Nf6 5. Bg2 a6 6. 0-0 Bg4 7. h3 Bh5 8. g4 Bg6 9. d3 e6 10. Re1 Qc7 11. d4 0-0-0 12. d5 exd5 13. Nxd5 Nxd5 14. exd5 Nb4 15. Re2 Nxc2 16. Rxc2 Bxc2 17. Qxc2 Be7 18. Bd2 h6 19. Bc3 Rdg8 20. a4 Kb8 21. Qf5 Bd8 22. Re1 f6 23. Re6 Re8 24. Nd2 Re7 25. Nc4 Rhe8 26. Ba5 Qd7 27. Bxd8 Rxd8 28. Rxd6 Qxf5 29. Rxd8+ Qc8 30. Rxc8+ Kxc8 31. a5 Re2 32. Be4 Kd8 33. f3 1-0

[Event "Pan American-ch Seniors"]
[Site "Brazil"]
[Date "2013.12.06"]
[Round "4.3"]
[White "Picasso Gallego, Nicolas"]
[Black "Toth, Peter"]
[Result "0-1"]
[WhiteElo "1940"]
[BlackElo "2153"]
[PlyCount "106"]
[EventDate "2013.12.04"]
[EventType "swiss"]
[EventRounds "7"]
[EventCountry "BRA"]
[SourceTitle "EXT 2015"]
[Source "ChessBase"]
[SourceDate "2014.11.20"]
[SourceVersion "1"]
[SourceVersionDate "2014.11.20"]
[SourceQuality "1"]

1. d4 Nf6 2. c4 c5 3. d5 d6 4. Nc3 g6 5. e4 Bg7 6. Nf3 0-0 7. h3 b5 8. cxb5 a6 9. bxa6 Nxa6 10. Bc4 Nd7 11. 0-0 Nb6 12. Bb5 Bb7 13. Bg5 Qc7 14. a4 h6 15. Bf4 Nb4 16. Nd2 Ra5 17. Nb3 Raa8 18. a5 Nd7 19. Qe2 Ba6 20. Bxa6 Rxa6 21. Rfc1 Rfa8 22. Qc4 Ne5 23. Bxe5 Bxe5 24. Ra4 Qb7 25. g3 Qd7 26. Ra3 Qxh3 27. Qf1 Qxf1+ 28. Kxf1 Nd3 29. Rc2 Nxb2 30. Nxc5 dxc5 31. Rxb2 Rxa5 32. Rxa5 Rxa5 33. Rc2 g5 34. Ke2 h5 35. Nd1 Ra4 36. Kf3 Bd4 37. Ne3 Ra3 38. Ke2 Bxe3 39. fxe3 Ra5 40. Kd3 Kg7 41. e5 f6 42. d6 exd6 43. exd6 Ra6 44. Rxc5 Rxd6+ 45. Ke4 Kg6 46. Kf3 Rd2 47. g4 h4 48. Rc1 Rh2 49. Rg1 Rh3+ 50. Kf2 f5 51. gxf5+ Kxf5 52. e4+ Kf4 53. e5 Rf3+ 0-1

[Event "Pan American-ch Seniors"]
[Site "Brazil"]
[Date "2013.12.05"]
[Round "3.2"]
[White "De Andrade, Erastro Trajano"]
[Black "Toth, Peter"]
[Result "1/2-1/2"]
[WhiteElo "1940"]
[BlackElo "2153"]
[PlyCount "36"]
[EventDate "2013.12.04"]
[EventType "swiss"]
[EventRounds "7"]
[EventCountry "BRA"]
[SourceTitle "EXT 2015"]
[Source "ChessBase"]
[SourceDate "2014.11.20"]
[SourceVersion "1"]
[SourceVersionDate "2014.11.20"]
[SourceQuality "1"]

1. e4 e5 2. Nf3 Nf6 3. Nxe5 d6 4. Nf3 Nxe4 5. d4 Be7 6. Bd3 d5 7. h3 0-0 8. 0-0 Bf6 9. Nbd2 Re8 10. Re1 Bf5 11. Nf1 Nc6 12. c3 Qd7 13. Bf4 Rad8 14. Ng3 Bg6 15. Qc2 Nd6 16. Bxg6 hxg6 17. Bxd6 Qxd6 18. Qd2 Kf8 1/2-1/2

[Event "Pan American-ch Seniors"]
[Site "Brazil"]
[Date "2013.12.05"]
[Round "2.2"]
[White "Toth, Peter"]
[Black "Macedo, Maximo Valerio"]
[Result "1/2-1/2"]
[WhiteElo "2153"]
[BlackElo "2050"]
[PlyCount "70"]
[EventDate "2013.12.04"]
[EventType "swiss"]
[EventRounds "7"]
[EventCountry "BRA"]
[SourceTitle "EXT 2015"]
[Source "ChessBase"]
[SourceDate "2014.11.20"]
[SourceVersion "1"]
[SourceVersionDate "2014.11.20"]
[SourceQuality "1"]

1. c4 f5 2. g3 g6 3. Bg2 Bg7 4. Nc3 Nf6 5. Nh3 d6 6. Nf4 c6 7. d4 e5 8. dxe5 dxe5 9. Qxd8+ Kxd8 10. Nd3 e4 11. Nc5 Ng4 12. Bf4 Ke7 13. f3 exf3 14. exf3 Ne5 15. Bxe5 Bxe5 16. Kd2 Bf6 17. Rhe1+ Kf7 18. Kc2 Re8 19. Rad1 Rxe1 20. Rxe1 Nd7 21. Nd3 Nf8 22. Ne5+ Kg7 23. f4 Be6 24. b3 Rd8 25. Re3 Bc8 26. Nf3 Ne6 27. Rd3 Re8 28. b4 Nc7 29. Nd1 Re2+ 30. Rd2 Rxd2+ 31. Kxd2 Be6 32. Kd3 Be7 33. Kc3 Bf6+ 34. Kd3 Be7 35. Kc3 Bf6+ 1/2-1/2

[Event "HUN-chT U18"]
[Site "Miskolc"]
[Date "2010.11.05"]
[Round "6.16"]
[White "Toth, Peter"]
[Black "Jakab, Norbert"]
[Result "0-1"]
[WhiteElo "2153"]
[BlackElo "1878"]
[PlyCount "105"]
[EventDate "2010.11.02"]
[EventType "team-swiss"]
[EventRounds "8"]
[EventCountry "HUN"]
[SourceTitle "EXT 2016"]
[Source "ChessBase"]
[SourceDate "2015.10.08"]
[SourceVersion "1"]
[SourceVersionDate "2015.10.08"]
[SourceQuality "1"]

1. e4 e5 2. Nf3 d6 3. d4 exd4 4. Qxd4 Nc6 5. Bb5 Bd7 6. Bxc6 Bxc6 7. Nc3 Nf6 8. 0-0 h6 9. Re1 Be7 10. b3 Qd7 11. Nd5 Bxd5 12. exd5 0-0 13. Bb2 Rfe8 14. h3 c5 15. Qd2 Qf5 16. c4 Nh7 17. Re3 Bf6 18. Bxf6 Nxf6 19. Rae1 Qd7 20. R1e2 Rxe3 21. Rxe3 Re8 22. Qe2 Rxe3 23. Qxe3 Qe8 24. Qxe8+ Nxe8 25. g4 g6 26. Kg2 Nf6 27. Nd2 Kg7 28. f4 g5 29. Kf3 a6 30. a4 b6 31. Ke3 Kg6 32. Ne4 Nxe4 33. Kxe4 Kf6 34. Kf3 gxf4 35. Kxf4 Kg6 36. h4 Kf6 37. Ke4 Kg6 38. h5+ Kg5 39. Kf3 f5 40. gxf5 Kxf5 41. Ke3 Kg4 42. Ke4 Kg5 43. Kf3 Kxh5 44. Kg3 Kg5 45. Kf3 h5 46. Kg3 h4+ 47. Kh3 Kh5 48. Kh2 Kg4 49. Kg2 h3+ 50. Kh2 Kh4 51. Kh1 Kg3 52. Kg1 h2+ 53. Kh1 0-1

[Event "HUN-chT U18"]
[Site "Miskolc"]
[Date "2010.11.04"]
[Round "4.13"]
[White "Haszon, Kamilla Sara"]
[Black "Toth, Peter"]
[Result "0-1"]
[WhiteElo "1755"]
[BlackElo "2153"]
[PlyCount "78"]
[EventDate "2010.11.02"]
[EventType "team-swiss"]
[EventRounds "8"]
[EventCountry "HUN"]
[SourceTitle "EXT 2016"]
[Source "ChessBase"]
[SourceDate "2015.10.08"]
[SourceVersion "1"]
[SourceVersionDate "2015.10.08"]
[SourceQuality "1"]

1. e4 e5 2. Nf3 Nc6 3. Bb5 a6 4. Ba4 Nf6 5. 0-0 Be7 6. Re1 b5 7. Bb3 d6 8. h3 Na5 9. d4 exd4 10. Bd5 c6 11. Bb3 0-0 12. Bd2 c5 13. Bd5 Nxd5 14. exd5 Nc4 15. b4 Bf6 16. a4 Bb7 17. axb5 axb5 18. Rxa8 Qxa8 19. bxc5 dxc5 20. c3 Bxd5 21. cxd4 Bxf3 22. gxf3 Bxd4 23. Bc3 Bxc3 24. Nxc3 Rd8 25. Qe2 Nd6 26. Ne4 Nxe4 27. fxe4 Qc6 28. e5 Qg6+ 29. Kh2 Qd3 30. Qg4 Qd4 31. Qf5 b4 32. Kg1 Qd3 33. Qf4 Qxh3 34. e6 fxe6 35. Qc7 Qg4+ 36. Kh1 Qf3+ 37. Kh2 Qxf2+ 38. Kh3 Rd3+ 39. Kg4 Qf5+ 0-1

[Event "HUN-chT U18"]
[Site "Miskolc"]
[Date "2010.11.04"]
[Round "5.17"]
[White "Mate, Levente"]
[Black "Toth, Peter"]
[Result "0-1"]
[WhiteElo "1561"]
[BlackElo "2153"]
[PlyCount "120"]
[EventDate "2010.11.02"]
[EventType "team-swiss"]
[EventRounds "8"]
[EventCountry "HUN"]
[SourceTitle "EXT 2016"]
[Source "ChessBase"]
[SourceDate "2015.10.08"]
[SourceVersion "1"]
[SourceVersionDate "2015.10.08"]
[SourceQuality "1"]

1. e4 e5 2. Nc3 Nf6 3. f4 d5 4. d3 exf4 5. Bxf4 Bb4 6. e5 d4 7. a3 Nd5 8. axb4 dxc3 9. Bc1 Qh4+ 10. g3 Qxb4 11. bxc3 Qxc3+ 12. Bd2 Qxe5+ 13. Be2 Bg4 14. Ra4 Bxe2 15. Qxe2 Qxe2+ 16. Nxe2 0-0 17. Rg4 Re8 18. Rd4 Nf6 19. Kf2 c5 20. Rc4 Nbd7 21. Rb1 b6 22. Nc3 a6 23. Bg5 b5 24. Rf4 h6 25. Bxf6 Nxf6 26. h3 Re5 27. Ra1 Rae8 28. Rxa6 b4 29. Ne4 Nxe4+ 30. Rxe4 Rxe4 31. dxe4 Rxe4 32. Ra2 Rc4 33. Kf3 Rc3+ 34. Kf4 g5+ 35. Kg4 Kg7 36. h4 gxh4 37. Kxh4 Kg6 38. g4 f6 39. Rb2 Rc4 40. Kg3 Kg5 41. Ra2 Rc3+ 42. Kf2 Kxg4 43. Rb2 h5 44. Kg2 h4 45. Kh2 f5 46. Kg2 f4 47. Kg1 Kf3 48. Kf1 h3 49. Kg1 Ke2 50. Rb3 Rxb3 51. cxb3 f3 52. Kh1 f2 53. Kh2 Kf3 54. Kxh3 f1Q+ 55. Kh4 Qg2 56. Kh5 c4 57. bxc4 b3 58. c5 b2 59. c6 b1R 60. c7 Rh1# 0-1

[Event "Rio de Janeiro Andrade Memorial"]
[Site "Rio de Janeiro"]
[Date "2004.07.24"]
[Round "5"]
[White "Toth, Peter"]
[Black "Marrero Lopez, Yaniet"]
[Result "1-0"]
[WhiteElo "2133"]
[BlackElo "2233"]
[PlyCount "48"]
[EventDate "2004.07.20"]
[EventType "tourn"]
[EventRounds "11"]
[EventCountry "BRA"]
[EventCategory "2"]
[SourceTitle "CBM 101 Extra"]
[Source "ChessBase"]
[SourceDate "2004.09.01"]
[SourceVersion "2"]
[SourceVersionDate "2004.09.01"]
[SourceQuality "1"]

1. d4 d5 2. Nf3 Nf6 3. c4 c6 4. Nc3 a6 5. cxd5 cxd5 6. g3 Nc6 7. Bg2 h6 8. Ne5 Qb6 9. Nxc6 Qxc6 10. Qb3 Be6 11. Bf4 Rd8 12. Rc1 Nh5 13. Be3 g6 14. Na4 Qb5 15. Qa3 Bg7 16. Rc5 Qd7 17. Nb6 Qd6 18. Qa4+ Kf8 19. Qa5 Kg8 20. 0-0 Kh7 21. Bf3 f5 22. Bxh5 gxh5 23. Bf4 Bxd4 24. Bxd6 Rxd6 1-0

[Event "BRA-ch"]
[Site "Rio de Janeiro"]
[Date "2004.03.01"]
[Round "6"]
[White "Fucs, Paulo Moses"]
[Black "Toth, Peter"]
[Result "1/2-1/2"]
[WhiteElo "2152"]
[BlackElo "2152"]
[PlyCount "72"]
[EventDate "2004.02.26"]
[EventType "swiss"]
[EventRounds "9"]
[EventCountry "BRA"]
[SourceTitle "CBM 099 Extra"]
[Source "ChessBase"]
[SourceDate "2004.05.04"]
[SourceVersion "1"]
[SourceVersionDate "2004.05.04"]
[SourceQuality "1"]

1. c4 Nf6 2. Nc3 c5 3. g3 Nc6 4. Bg2 g6 5. e4 Bg7 6. Nge2 d6 7. 0-0 0-0 8. h3 Nd7 9. d3 a6 10. Rb1 Rb8 11. Nd5 b5 12. b3 e6 13. Ne3 Nd4 14. Nc2 Bb7 15. Bb2 e5 16. Ne3 b4 17. Bxd4 cxd4 18. Nd5 Bxd5 19. cxd5 Qa5 20. Qd2 Qb5 21. h4 Nc5 22. Rbc1 h5 23. Bh3 Kh7 24. g4 hxg4 25. Bxg4 Bh6 26. Qc2 f5 27. exf5 gxf5 28. Bh3 Rg8+ 29. Kh1 Rg7 30. Rg1 Rxg1+ 31. Kxg1 Qb7 32. Ng3 Qg7 33. Kh1 f4 34. Nf5 Qb7 35. Nxd6 Qxd5+ 36. Ne4 Qxe4+ 1/2-1/2

[Event "BRA-ch"]
[Site "Rio de Janeiro"]
[Date "2004.02.29"]
[Round "5"]
[White "Toth, Peter"]
[Black "Silveira Filho, Neri da Silva"]
[Result "0-1"]
[WhiteElo "2152"]
[BlackElo "2229"]
[PlyCount "58"]
[EventDate "2004.02.26"]
[EventType "swiss"]
[EventRounds "9"]
[EventCountry "BRA"]
[SourceTitle "CBM 099 Extra"]
[Source "ChessBase"]
[SourceDate "2004.05.04"]
[SourceVersion "1"]
[SourceVersionDate "2004.05.04"]
[SourceQuality "1"]

1. e4 g6 2. d4 Bg7 3. f4 d6 4. Nf3 c5 5. c3 cxd4 6. cxd4 Bg4 7. d5 Qb6 8. Nc3 Nd7 9. h3 Bxf3 10. gxf3 Ngf6 11. Na4 Qb4+ 12. Bd2 Qd4 13. Be2 0-0 14. Qb3 Nh5 15. Be3 Qf6 16. Qxb7 Ng3 17. Rg1 Nxe2 18. Kxe2 Nb6 19. e5 dxe5 20. Nxb6 axb6 21. Rgd1 exf4 22. Bd4 e5 23. dxe6 Qxe6+ 24. Qe4 Qc4+ 25. Qd3 Rfe8+ 26. Kf2 Bxd4+ 27. Qxd4 Qe2+ 28. Kg1 Qxf3 29. Rd3 Re3 0-1

[Event "Rio de Janeiro"]
[Site "Rio de Janeiro"]
[Date "2003.12.21"]
[Round "5"]
[White "Toth, Peter"]
[Black "Limp, Eduardo Thelio"]
[Result "0-1"]
[WhiteElo "2152"]
[BlackElo "2403"]
[PlyCount "80"]
[EventDate "2003.12.17"]
[EventType "tourn"]
[EventRounds "9"]
[EventCountry "BRA"]
[EventCategory "5"]
[SourceTitle "EXT 2005"]
[Source "ChessBase"]
[SourceDate "2004.11.15"]
[SourceVersion "1"]
[SourceVersionDate "2004.11.15"]
[SourceQuality "1"]

1. e4 c5 2. Nf3 Nc6 3. Nc3 d6 4. Bb5 Bd7 5. a4 Nf6 6. 0-0 e6 7. Re1 Be7 8. Bf1 0-0 9. d3 Rc8 10. g3 Nd4 11. Bg2 Bc6 12. Be3 e5 13. Nd2 a6 14. a5 Nb5 15. Nc4 Nxc3 16. bxc3 Bb5 17. Nb6 Rb8 18. c4 Bc6 19. Rf1 Ne8 20. Bh3 Nc7 21. c3 g6 22. Bh6 Re8 23. Qd2 Bf6 24. Be3 Bg7 25. Bg5 f6 26. Be3 Qe7 27. Rab1 Rf8 28. Bg2 f5 29. exf5 Bxg2 30. Kxg2 gxf5 31. f4 Qf7 32. fxe5 Bxe5 33. d4 cxd4 34. cxd4 Bg7 35. Bf4 Rbd8 36. Bg5 Rde8 37. Bf4 Re4 38. d5 Rfe8 39. Rfe1 Qe7 40. Rxe4 Qxe4+ 0-1

[Event "Magistral Vince Toth 4th"]
[Site "Rio de Janeiro"]
[Date "2002.08.10"]
[Round "6"]
[White "Toth, Peter"]
[Black "Cubas, Jose Fernando"]
[Result "0-1"]
[WhiteElo "2166"]
[BlackElo "2370"]
[PlyCount "105"]
[EventDate "2002.08.06"]
[EventType "tourn"]
[EventRounds "11"]
[EventCountry "BRA"]
[EventCategory "4"]
[SourceTitle "CBM 089 Extra"]
[Source "ChessBase"]
[SourceDate "2002.09.10"]
[SourceVersion "2"]
[SourceVersionDate "2002.09.10"]
[SourceQuality "1"]

1. d4 d5 2. c4 c6 3. e3 Nf6 4. Nf3 a6 5. Nc3 b5 6. cxd5 cxd5 7. Bd3 Bb7 8. 0-0 e6 9. Ne5 Bd6 10. f4 0-0 11. Bd2 Ne4 12. Be1 f6 13. Nf3 b4 14. Ne2 Nd7 15. Qb3 Qe7 16. Bf2 Nb6 17. Rfc1 a5 18. a4 Rac8 19. Qd1 Nc4 20. Rab1 Bb8 21. b3 Ncd6 22. Rb2 Rxc1 23. Qxc1 e5 24. Be1 exf4 25. exf4 g5 26. h3 h5 27. fxg5 fxg5 28. Bg3 g4 29. hxg4 hxg4 30. Ne5 Qg7 31. Rc2 Nf5 32. Bxe4 dxe4 33. Rc5 Ba6 34. Rc6 Bxe2 35. Rg6 Bxe5 36. Rxg7+ Bxg7 37. Be5 Bxe5 38. dxe5 e3 39. Qc6 Kg7 40. e6 g3 41. Qc7+ Kf6 42. e7 Nxe7 43. Qd6+ Kf7 44. Qxg3 Nf5 45. Qc7+ Kf6 46. Qc2 Bg4 47. Qc6+ Kg5 48. Qc1 Rd8 49. Kh2 Rd2 50. Qc8 e2 51. Qg8+ Kf4 52. Qb8+ Rd6 53. Qe8 0-1